[Event "Lindores Abbey Tal Blitz 2021"]
[Site "Riga"]
[Date "2021.11.08"]
[Round "16.20"]
[White "Kuzubov, Yuriy"]
[Black "Kravtsiv, Martyn"]
[Result "1/2-1/2"]
[WhiteElo "2637"]
[BlackElo "2616"]
[Annotator "TA"]
[PlyCount "101"]
[EventDate "2021.11.02"]
[EventType "swiss"]
[EventCountry "LAT"]
[SourceTitle "playchess.com"]
[Source "ChessBase"]
[SourceQuality "1"]

1. d4 Nf6 2. c4 e6 3. Nf3 d5 4. Nc3 Nbd7 5. Qc2 Bb4 6. e3 O-O 7. Bd2 b6 8. Be2
Bb7 9. cxd5 exd5 10. Nb5 Bxd2+ 11. Nxd2 c5 12. O-O Qe7 13. Bf3 a6 14. Nc3 cxd4
15. exd4 Rfe8 16. Qb3 Qd6 17. a4 h5 18. a5 b5 19. Qd1 h4 20. Nb3 Rac8 21. Ne2
Ne4 22. Nec1 Rc4 23. Nd3 Bc8 24. h3 Ndf6 25. Ne5 Rxe5 26. dxe5 Qxe5 27. Qe2 Rb4
28. Nc1 Rxb2 29. Nd3 Rxe2 30. Nxe5 Rd2 31. Rac1 Be6 32. Rc6 Ra2 33. Rxa6 Nd2
34. Rd1 Nc4 35. Nc6 Kh7 36. Rb1 Bd7 37. Nd4 Nd2 38. Rd1 Nc4 39. Ra7 Ne5 40. Rb1
Nc6 41. Nxc6 Bxc6 42. Rc1 Be8 43. Rd1 b4 44. Bxd5 Nxd5 45. Rxd5 b3 46. Rb7 b2
47. Kh2 Bc6 48. Rh5+ Kg6 49. Rhb5 Bxb7 50. Rxb7 Kf6 51. a6 1/2-1/2

[Event "Lindores Abbey Tal Blitz 2021"]
[Site "Riga"]
[Date "2021.11.08"]
[Round "16.21"]
[White "Kovalev, Vladislav"]
[Black "Pichot, Alan"]
[Result "0-1"]
[WhiteElo "2634"]
[BlackElo "2630"]
[Annotator "TA"]
[PlyCount "76"]
[EventDate "2021.11.02"]
[EventType "swiss"]
[EventCountry "LAT"]
[SourceTitle "playchess.com"]
[Source "ChessBase"]
[SourceQuality "1"]

1. e4 e5 2. Nf3 Nc6 3. Bb5 a6 4. Ba4 Nf6 5. O-O b5 6. Bb3 Bc5 7. c3 d6 8. a4
Rb8 9. d4 Bb6 10. Na3 O-O 11. axb5 axb5 12. Nxb5 Bg4 13. Bc2 exd4 14. Nbxd4
Nxd4 15. cxd4 Bxf3 16. gxf3 Nh5 17. Kh1 Qf6 18. Be3 c5 19. e5 Qe6 20. dxc5 Bxc5
21. f4 g6 22. exd6 Bxd6 23. Ra6 Rfd8 24. Qf3 Qc4 25. Rg1 Qxa6 26. f5 Bf8 27.
fxg6 hxg6 28. Be4 Rb5 29. b4 Qf6 30. Qe2 Re5 31. Bf3 Nf4 32. Qc4 Ne6 33. Qg4
Bg7 34. h4 Rh5 35. Kg2 Qxh4 36. Qxh4 Rxh4 37. Rb1 Bd4 38. Bd2 Bxf2 0-1

[Event "Lindores Abbey Tal Blitz 2021"]
[Site "Riga"]
[Date "2021.11.08"]
[Round "16.22"]
[White "Bartel, Mateusz"]
[Black "Van Foreest, Jorden"]
[Result "1-0"]
[WhiteElo "2619"]
[BlackElo "2701"]
[Annotator "ChessBase"]
[PlyCount "93"]
[EventDate "2021.11.02"]
[EventType "swiss"]
[EventCountry "LAT"]
[SourceTitle "playchess.com"]
[Source "ChessBase"]
[SourceQuality "1"]

1. e4 Nf6 2. e5 Nd5 3. d4 d6 4. Nf3 dxe5 5. Nxe5 c6 6. Be2 g6 7. O-O Bg7 8. c4
Nc7 9. Nc3 O-O 10. Be3 Nd7 11. Nf3 Nf6 12. h3 Bf5 13. Qb3 Qc8 14. Rac1 Ne4 15.
Nxe4 Bxe4 16. Rfd1 a5 17. d5 a4 18. Qb4 Re8 19. Bd4 Bxd4 20. Rxd4 Bxf3 21. Bxf3
e5 22. Rdd1 e4 23. Bg4 f5 24. d6 Na6 25. Qa3 Qd7 26. Be2 c5 27. Rd2 Nb4 28. h4
b6 29. h5 Nc6 30. Rcd1 Re6 31. Rd5 Nb4 32. R5d2 Rae8 33. hxg6 hxg6 34. Qg3 Kf7
35. Qh4 Kg7 36. Qg3 e3 37. fxe3 Rxe3 38. Bf3 R8e4 39. a3 Nc6 40. Qg5 Re1+ 41.
Rxe1 Rxe1+ 42. Kf2 Re6 43. Bxc6 Qxc6 44. d7 Qe4 45. Kg1 Qe1+ 46. Kh2 Re4 47.
d8=Q 1-0

[Event "Lindores Abbey Tal Blitz 2021"]
[Site "Riga"]
[Date "2021.11.08"]
[Round "16.23"]
[White "Cheparinov, Ivan"]
[Black "Sasikiran, Krishnan"]
[Result "1/2-1/2"]
[WhiteElo "2677"]
[BlackElo "2640"]
[Annotator "TA"]
[PlyCount "79"]
[EventDate "2021.11.02"]
[EventType "swiss"]
[EventCountry "LAT"]
[SourceTitle "playchess.com"]
[Source "ChessBase"]
[SourceQuality "1"]

1. d4 Nf6 2. c4 e6 3. Nc3 Bb4 4. f3 d5 5. a3 Be7 6. e4 dxe4 7. fxe4 c5 8. d5
O-O 9. Be2 exd5 10. exd5 Bf5 11. Nf3 Re8 12. O-O Bg6 13. Ne5 Bd6 14. Nxg6 hxg6
15. Bg5 Nbd7 16. Qd3 a6 17. Kh1 Qc7 18. Qh3 Re5 19. Bf4 Re7 20. Bg5 Rae8 21.
Bd3 Re5 22. Qh4 Rxg5 23. Qxg5 Re5 24. Qd2 Rh5 25. h3 Rh4 26. Rae1 Be5 27. Ne4
Nxe4 28. Rxe4 Rxe4 29. Bxe4 Nf6 30. Bf3 Qd6 31. Re1 Bd4 32. Re2 b5 33. cxb5
axb5 34. b4 Qg3 35. bxc5 Bxc5 36. Qe1 Qf4 37. Qd2 Qg3 38. Qe1 Qf4 39. Qd2 Qg3
40. Qe1 1/2-1/2

[Event "Lindores Abbey Tal Blitz 2021"]
[Site "Riga"]
[Date "2021.11.08"]
[Round "16.24"]
[White "Anton Guijarro, David"]
[Black "Ter-Sahakyan, Samvel"]
[Result "1-0"]
[WhiteElo "2669"]
[BlackElo "2615"]
[Annotator "TA"]
[PlyCount "69"]
[EventDate "2021.11.02"]
[EventType "swiss"]
[EventCountry "LAT"]
[SourceTitle "playchess.com"]
[Source "ChessBase"]
[SourceQuality "1"]

1. Nf3 d5 2. b3 Bf5 3. Bb2 e6 4. d3 Nf6 5. Nh4 Bg6 6. Nxg6 hxg6 7. Nd2 a5 8. a3
c5 9. c4 a4 10. g3 Nc6 11. Bg2 d4 12. bxa4 Bd6 13. Rb1 Ng4 14. Ne4 Be7 15. h3
Nge5 16. Bc1 f5 17. Nd2 Qd7 18. f4 Nf7 19. Nf3 g5 20. fxg5 e5 21. g6 Nd6 22.
Ng5 Bxg5 23. Bxg5 e4 24. O-O Qe6 25. Bf4 Qxg6 26. Kh2 O-O 27. Bxd6 Qxd6 28.
Rxb7 Ne5 29. dxe4 f4 30. gxf4 Rxf4 31. Rxf4 Ng6 32. e3 Nxf4 33. exf4 Qxf4+ 34.
Kh1 Rf8 35. Qg4 1-0

[Event "Lindores Abbey Tal Blitz 2021"]
[Site "Riga"]
[Date "2021.11.08"]
[Round "16.25"]
[White "Oparin, Grigoriy"]
[Black "Jumabayev, Rinat"]
[Result "0-1"]
[WhiteElo "2659"]
[BlackElo "2658"]
[Annotator "TA"]
[PlyCount "76"]
[EventDate "2021.11.02"]
[EventType "swiss"]
[EventCountry "LAT"]
[SourceTitle "playchess.com"]
[Source "ChessBase"]
[SourceQuality "1"]

1. Nf3 Nf6 2. g3 d5 3. Bg2 c6 4. c4 g6 5. b3 Bg7 6. Bb2 O-O 7. O-O a5 8. Nc3
Bg4 9. Ne5 Be6 10. d4 Nbd7 11. Nf3 h6 12. Nd2 Nb6 13. c5 Nbd7 14. a3 Bf5 15. b4
e5 16. e4 Bg4 17. Ne2 Nxe4 18. Nxe4 dxe4 19. Bxe4 exd4 20. f3 Bh3 21. Rf2 axb4
22. Nf4 bxa3 23. Bxd4 Be6 24. Nxe6 fxe6 25. Bxg6 Bxd4 26. Qxd4 Qf6 27. Bh7+ Kh8
28. Qxf6+ Rxf6 29. Bc2 Nxc5 30. f4 b5 31. Re2 b4 32. Re5 Nd7 33. Re4 c5 34. Bb3
Nb6 35. Bxe6 c4 36. Bxc4 Nxc4 37. Rxc4 Rb6 38. Rc7 b3 0-1

[Event "Lindores Abbey Tal Blitz 2021"]
[Site "Riga"]
[Date "2021.11.08"]
[Round "16.26"]
[White "Maghsoodloo, Parham"]
[Black "Ivic, Velimir"]
[Result "0-1"]
[WhiteElo "2706"]
[BlackElo "2620"]
[Annotator "RC"]
[PlyCount "74"]
[EventDate "2021.11.02"]
[EventType "swiss"]
[EventCountry "LAT"]
[SourceTitle "playchess.com"]
[Source "ChessBase"]
[SourceQuality "1"]

1. e4 c5 2. Nf3 Nc6 3. d4 cxd4 4. Nxd4 Nf6 5. Nc3 e5 6. Ndb5 d6 7. Nd5 Nxd5 8.
exd5 Nb8 9. a4 Be7 10. a5 O-O 11. Be2 Nd7 12. O-O a6 13. Nc3 f5 14. f4 Bf6 15.
Ra3 exf4 16. Bxf4 Ne5 17. b4 g5 18. Be3 f4 19. Bd4 Bf5 20. Na4 Qe7 21. c4 Rae8
22. c5 Qg7 23. Kh1 Qh6 24. cxd6 g4 25. d7 g3 26. Bg1 Bxd7 27. Nc5 Bf5 28. d6
Kh8 29. Qd5 Rg8 30. d7 Rd8 31. Qd6 Bh3 32. Qd5 Rg5 33. Ne6 Rxd7 34. Qa2 Bxg2+
35. Kxg2 gxh2+ 36. Nxg5 h1=Q+ 37. Kf2 Q6h4+ 0-1

[Event "Lindores Abbey Tal Blitz 2021"]
[Site "Riga"]
[Date "2021.11.08"]
[Round "16.27"]
[White "Indjic, Aleksandar"]
[Black "Stefanova, Antoaneta"]
[Result "1-0"]
[WhiteElo "2612"]
[BlackElo "2475"]
[Annotator "TA"]
[PlyCount "45"]
[EventDate "2021.11.02"]
[EventType "swiss"]
[EventCountry "LAT"]
[SourceTitle "playchess.com"]
[Source "ChessBase"]
[SourceQuality "1"]

1. d4 d5 2. Nf3 Nf6 3. Bf4 e6 4. e3 Bd6 5. Nbd2 Bxf4 6. exf4 b6 7. h4 h5 8. c3
a5 9. Ne5 Ba6 10. Bxa6 Rxa6 11. Qe2 Ra8 12. f5 Qd6 13. Ndf3 O-O 14. fxe6 Qxe6
15. Ng5 Qf5 16. Rh3 Qc8 17. O-O-O Nbd7 18. Nc6 Re8 19. Ne7+ Kf8 20. Re3 Qa6 21.
Qxh5 Rxe7 22. Qh8+ Ng8 23. Nh7+ 1-0

[Event "Lindores Abbey Tal Blitz 2021"]
[Site "Riga"]
[Date "2021.11.08"]
[Round "16.28"]
[White "Swiercz, Dariusz"]
[Black "Ganguly, Surya Shekhar"]
[Result "0-1"]
[WhiteElo "2647"]
[BlackElo "2633"]
[Annotator "TA"]
[PlyCount "112"]
[EventDate "2021.11.02"]
[EventType "swiss"]
[EventCountry "LAT"]
[SourceTitle "playchess.com"]
[Source "ChessBase"]
[SourceQuality "1"]

1. Nf3 Nf6 2. b3 g6 3. Bb2 Bg7 4. g3 d6 5. Bg2 e5 6. O-O O-O 7. c4 Nc6 8. Nc3
Be6 9. d3 h6 10. e3 Qd7 11. d4 exd4 12. exd4 Bh3 13. d5 Bxg2 14. Kxg2 Ne5 15.
Nxe5 dxe5 16. Qf3 Rae8 17. Rfe1 Nh5 18. Ne4 b6 19. Ba3 f5 20. Bxf8 fxe4 21.
Qxe4 Rxf8 22. Qxg6 Nf6 23. Rad1 e4 24. Re2 Kh8 25. Rde1 Qd6 26. Qf5 Qc5 27. Qe6
a5 28. h3 Qd4 29. Qe7 Rc8 30. Rxe4 Nxe4 31. Rxe4 Qf6 32. Qxf6 Bxf6 33. Re6 Kg7
34. f4 a4 35. Kf3 Ra8 36. Rc6 Bd8 37. d6 cxd6 38. Rxd6 a3 39. g4 Kf7 40. Rxh6
Be7 41. Rxb6 Rd8 42. g5 Rd2 43. Kg4 Rxa2 44. Ra6 Rf2 45. h4 a2 46. h5 Bb4 47.
Ra7+ Ke6 48. Ra6+ Kd7 49. h6 Bc3 50. Kf5 a1=Q 51. Rxa1 Bxa1 52. g6 Ke7 53. c5
Rb2 54. g7 Kf7 55. c6 Rxb3 56. c7 Rc3 0-1

[Event "Lindores Abbey Tal Blitz 2021"]
[Site "Riga"]
[Date "2021.11.08"]
[Round "16.29"]
[White "Meshkovs, Nikita"]
[Black "Kovalenko, Igor"]
[Result "0-1"]
[WhiteElo "2557"]
[BlackElo "2668"]
[Annotator "TA"]
[PlyCount "76"]
[EventDate "2021.11.02"]
[EventType "swiss"]
[EventCountry "LAT"]
[SourceTitle "playchess.com"]
[Source "ChessBase"]
[SourceQuality "1"]

1. d4 Nf6 2. Nf3 b6 3. g3 Bb7 4. Bg2 c5 5. c4 cxd4 6. Qxd4 Nc6 7. Qd2 g6 8. b3
Bg7 9. Bb2 O-O 10. O-O d5 11. Na3 dxc4 12. Nxc4 b5 13. Qxd8 Raxd8 14. Nfe5 Nxe5
15. Nxe5 Bxg2 16. Kxg2 Rd2 17. Nd3 Rxe2 18. Rfd1 Rc8 19. Bd4 Nd5 20. Rac1 Rcc2
21. Rxc2 Rxc2 22. Bxa7 Rxa2 23. Bc5 Nc3 24. Re1 e6 25. Ne5 Nd5 26. Nd7 h5 27.
h4 b4 28. Re4 Bc3 29. Nb6 Nxb6 30. Bxb6 Rb2 31. Rc4 Rxb3 32. Rc8+ Kg7 33. Bc5
Rb1 34. Kf3 Be5 35. Ke4 Re1+ 36. Be3 Kf6 37. Kd3 b3 38. Rc5 b2 0-1

[Event "Lindores Abbey Tal Blitz 2021"]
[Site "Riga"]
[Date "2021.11.08"]
[Round "16.30"]
[White "Kryvoruchko, Yuriy"]
[Black "Yilmaz, Mustafa"]
[Result "1-0"]
[WhiteElo "2681"]
[BlackElo "2626"]
[Annotator "TA"]
[PlyCount "125"]
[EventDate "2021.11.02"]
[EventType "swiss"]
[EventCountry "LAT"]
[SourceTitle "playchess.com"]
[Source "ChessBase"]
[SourceQuality "1"]

1. e4 c5 2. Nf3 d6 3. d4 cxd4 4. Nxd4 Nf6 5. Nc3 a6 6. Bd3 g6 7. O-O Bg7 8. Kh1
Nc6 9. Nxc6 bxc6 10. Qe1 O-O 11. f4 a5 12. f5 Ba6 13. Qh4 Qb6 14. Rb1 Rfe8 15.
Bh6 Bxh6 16. Qxh6 Ng4 17. Qh4 Ne5 18. Qg3 Kg7 19. Ne2 Nd7 20. Nf4 Nf6 21. Rf3
c5 22. Bxa6 Qxa6 23. Re1 Qc4 24. Qh4 Qxc2 25. Rh3 Qd2 26. Rf1 Rab8 27. b3 Rb4
28. fxg6 fxg6 29. Ne6+ Kg8 30. Ng5 Qe2 31. Re1 Qh5 32. Qg3 Qg4 33. Qe3 Rf8 34.
Rg3 Qh4 35. Rh3 Ng4 36. Rxh4 Nxe3 37. Rxh7 Nc2 38. Rc1 Rd4 39. Rxe7 Nb4 40. Ne6
Nxa2 41. Ra1 Rxe4 42. Rg7+ Kh8 43. Rxg6 Re8 44. h3 R8xe6 45. Rxe6 Rxe6 46. Rxa2
Re3 47. Rxa5 Rxb3 48. Ra6 Rd3 49. Rc6 Kg7 50. Kg1 Kf6 51. Kf2 Ke5 52. h4 Kf4
53. Ke2 Rd4 54. Rc8 Kg3 55. h5 Re4+ 56. Kd3 Re6 57. Rg8+ Kh4 58. Rg6 Re5 59. g4
d5 60. h6 Re8 61. h7 Rh8 62. Rg7 Kg3 63. g5 1-0

[Event "Lindores Abbey Tal Blitz 2021"]
[Site "Riga"]
[Date "2021.11.08"]
[Round "16.31"]
[White "Sethuraman, S.P.."]
[Black "Vokhidov, Shamsiddin"]
[Result "0-1"]
[WhiteElo "2620"]
[BlackElo "2521"]
[Annotator "TA"]
[PlyCount "138"]
[EventDate "2021.11.02"]
[EventType "swiss"]
[EventCountry "LAT"]
[SourceTitle "playchess.com"]
[Source "ChessBase"]
[SourceQuality "1"]

1. e4 c5 2. Nf3 d6 3. d4 cxd4 4. Nxd4 Nf6 5. Nc3 Nc6 6. Bg5 e6 7. Qd2 Be7 8.
O-O-O a6 9. Bxf6 gxf6 10. f4 Nxd4 11. Qxd4 Qa5 12. Kb1 Bd7 13. f5 Qc5 14. Qd2
O-O-O 15. g3 h5 16. fxe6 fxe6 17. Bh3 h4 18. Ne2 hxg3 19. hxg3 Qe5 20. Nf4 Rhg8
21. Qf2 Kb8 22. Rhe1 Bf8 23. Qf3 Bh6 24. Rf1 Rde8 25. Qd3 Bf8 26. Qf3 Bc6 27.
Rfe1 f5 28. Qh5 Rh8 29. Qg6 fxe4 30. Bg2 Qf5 31. Bxe4 Bxe4 32. Rxe4 Qxg6 33.
Nxg6 Rh6 34. Nxf8 Rxf8 35. a4 d5 36. Re3 Kc7 37. Rd4 b5 38. axb5 axb5 39. Rb4
Rb8 40. g4 Kd6 41. Rf3 Rg6 42. b3 e5 43. Rf5 Ke6 44. c4 Rxg4 45. Rf1 dxc4 46.
bxc4 Rxc4 47. Rxc4 bxc4+ 48. Kc2 Rb3 49. Rf8 Kd5 50. Rd8+ Ke4 51. Rc8 Rd3 52.
Rxc4+ Ke3 53. Rh4 Rd7 54. Rh3+ Kf4 55. Rh4+ Kf3 56. Rh3+ Kg4 57. Rh2 e4 58. Rh8
Kf3 59. Rf8+ Ke2 60. Re8 e3 61. Re6 Rc7+ 62. Kb3 Kd2 63. Rd6+ Ke1 64. Re6 e2
65. Kb2 Rf7 66. Rh6 Kf2 67. Rh2+ Ke3 68. Rh3+ Rf3 69. Rh1 Rf1 0-1

[Event "Lindores Abbey Tal Blitz 2021"]
[Site "Riga"]
[Date "2021.11.08"]
[Round "16.32"]
[White "Kuybokarov, Temur"]
[Black "Henriquez Villagra, Cristobal"]
[Result "1-0"]
[WhiteElo "2549"]
[BlackElo "2608"]
[Annotator "TA"]
[PlyCount "71"]
[EventDate "2021.11.02"]
[EventType "swiss"]
[EventCountry "LAT"]
[SourceTitle "playchess.com"]
[Source "ChessBase"]
[SourceQuality "1"]

1. e4 e5 2. Nf3 Nc6 3. Bb5 a6 4. Ba4 Nge7 5. c3 Ng6 6. d4 exd4 7. cxd4 d5 8.
exd5 Qxd5 9. Nc3 Qh5 10. O-O Bd6 11. Re1+ Nge7 12. d5 b5 13. Ne4 bxa4 14. Nxd6+
cxd6 15. dxc6 Be6 16. Bg5 Nf5 17. h3 O-O 18. g4 Qxh3 19. gxf5 Qg4+ 20. Kh1 Bxf5
21. Rg1 Qh3+ 22. Nh2 Be4+ 23. f3 Bxc6 24. Bf6 g6 25. Qf1 Qf5 26. Bc3 Rfe8 27.
Qf2 Re6 28. Rg3 h5 29. Qd4 Qe5 30. Qh4 Qf5 31. Rf1 Kf8 32. Rg5 Qd3 33. Qf4 Rae8
34. Rg2 Re2 35. Qh6+ Ke7 36. Rxe2+ 1-0

[Event "Lindores Abbey Tal Blitz 2021"]
[Site "Riga"]
[Date "2021.11.08"]
[Round "16.33"]
[White "Saric, Ivan"]
[Black "Assaubayeva, Bibisara"]
[Result "1/2-1/2"]
[WhiteElo "2665"]
[BlackElo "2400"]
[Annotator "RC"]
[PlyCount "144"]
[EventDate "2021.11.02"]
[EventType "swiss"]
[EventCountry "LAT"]
[SourceTitle "playchess.com"]
[Source "ChessBase"]
[SourceQuality "1"]

1. e4 c5 2. Nf3 d6 3. d4 cxd4 4. Nxd4 Nf6 5. Nc3 a6 6. a3 e5 7. Nf5 d5 8. Bg5
d4 9. Bxf6 gxf6 10. Nb1 Nc6 11. Nd2 Be6 12. Bd3 h5 13. O-O Qd7 14. b4 Ne7 15.
Qf3 Nxf5 16. exf5 Bd5 17. Be4 Rd8 18. c4 dxc3 19. Qxc3 Bxe4 20. Nxe4 Qxf5 21.
Rae1 Bg7 22. f4 Qe6 23. fxe5 fxe5 24. Ng5 Qb6+ 25. Kh1 O-O 26. Rf5 Qg6 27. Qf3
Rd4 28. Ne4 Qg4 29. Rxh5 Qxf3 30. gxf3 f5 31. Nc5 Rf6 32. Rg1 b6 33. Rhg5 bxc5
34. Rxg7+ Kf8 35. bxc5 Rd2 36. Rh7 Rc2 37. Rb1 Kg8 38. Rc7 e4 39. fxe4 fxe4 40.
Re7 Rxc5 41. Rxe4 Kg7 42. Re2 Rc3 43. a4 Ra3 44. Rb4 Rg6 45. Re7+ Kf8 46. Re1
Ra2 47. Rf1+ Kg7 48. Rg1 Rxg1+ 49. Kxg1 a5 50. Rf4 Kg6 51. h4 Kh5 52. Kf1 Kg6
53. Ke1 Kh5 54. Kd1 Rh2 55. Rf5+ Kxh4 56. Rxa5 Kg4 57. Kc1 Kf4 58. Kb1 Ke4 59.
Rc5 Kd4 60. Rc7 Kd5 61. Rc3 Kd4 62. Rc7 Rh5 63. Kb2 Rc5 64. Rd7+ Kc4 65. Ka3
Rc8 66. Rb7 Ra8 67. Rb5 Ra7 68. Rg5 Rc7 69. a5 Rc5 70. Rxc5+ Kxc5 71. Ka4 Kc6
72. Kb4 Kb7 1/2-1/2

[Event "Lindores Abbey Tal Blitz 2021"]
[Site "Riga"]
[Date "2021.11.08"]
[Round "16.34"]
[White "Ponomariov, Ruslan"]
[Black "Rakotomaharo, Fy Antenaina"]
[Result "1-0"]
[WhiteElo "2633"]
[BlackElo "2487"]
[Annotator "TA"]
[PlyCount "83"]
[EventDate "2021.11.02"]
[EventType "swiss"]
[EventCountry "LAT"]
[SourceTitle "playchess.com"]
[Source "ChessBase"]
[SourceQuality "1"]

1. e4 e5 2. Nf3 Nc6 3. Bb5 a6 4. Ba4 Nf6 5. O-O Bc5 6. c3 b5 7. Bb3 d6 8. a4 b4
9. d4 Ba7 10. Be3 O-O 11. Nbd2 bxc3 12. bxc3 a5 13. h3 Ba6 14. Re1 exd4 15.
cxd4 Nb4 16. Bg5 h6 17. Bh4 g5 18. Bg3 Nh5 19. Kh2 c5 20. Nc4 Nxg3 21. fxg3
cxd4 22. Nxd4 Rc8 23. Nb5 Bc5 24. Ncxd6 Bxd6 25. Nxd6 Rc3 26. e5 Nd3 27. Re3
Qb6 28. Bxf7+ Rxf7 29. Qh5 Rg7 30. Rf3 Nxe5 31. Qe8+ Kh7 32. Rf8 Ng6 33. Nf7
Nxf8 34. Qxf8 Qf6 35. Qh8+ Kg6 36. Nd8 Rc2 37. Re1 Bc4 38. h4 Bd5 39. h5+ Kxh5
40. Qe8+ Bf7 41. Qe4 Qf5 42. Qxf5 1-0

[Event "Lindores Abbey Tal Blitz 2021"]
[Site "Riga"]
[Date "2021.11.08"]
[Round "16.35"]
[White "Morovic Fernandez, Ivan"]
[Black "Ponkratov, Pavel"]
[Result "0-1"]
[WhiteElo "2510"]
[BlackElo "2662"]
[Annotator "TA"]
[PlyCount "77"]
[EventDate "2021.11.02"]
[EventType "swiss"]
[EventCountry "LAT"]
[SourceTitle "playchess.com"]
[Source "ChessBase"]
[SourceQuality "1"]

1. e4 c5 2. Nf3 b6 3. d4 cxd4 4. Nxd4 Bb7 5. Bd3 a6 6. O-O e6 7. c4 Qc7 8. Nc3
Nf6 9. Qe2 Bc5 10. Nb3 Nc6 11. Nxc5 bxc5 12. f4 Nd4 13. Qf2 d6 14. h3 O-O 15.
Be3 Nc6 16. Rad1 Rfd8 17. b3 Nd7 18. Kh1 Ne7 19. Bc2 Bc6 20. f5 Nf6 21. Bg5
exf5 22. exf5 Qb7 23. Rde1 Kh8 24. Bxf6 gxf6 25. Be4 Rg8 26. Qh4 Rg5 27. Bxc6
Qxc6 28. Ne4 Nxf5 29. Rxf5 Rxf5 30. Nxf6 Rxf6 31. Qxf6+ Kg8 32. Re7 Rf8 33. Re3
Re8 34. Rg3+ Kf8 35. Qh8+ Ke7 36. Re3+ Kd8 37. Qf6+ Kc8 38. Rxe8+ Qxe8 39. Qxd6
0-1

[Event "Lindores Abbey Tal Blitz 2021"]
[Site "Riga"]
[Date "2021.11.08"]
[Round "16.36"]
[White "Volokitin, Andrei"]
[Black "Zhou, Jianchao"]
[Result "1-0"]
[WhiteElo "2656"]
[BlackElo "2616"]
[Annotator "TA"]
[PlyCount "123"]
[EventDate "2021.11.02"]
[EventType "swiss"]
[EventCountry "LAT"]
[SourceTitle "playchess.com"]
[Source "ChessBase"]
[SourceQuality "1"]

1. e4 c5 2. Nf3 d6 3. d4 cxd4 4. Nxd4 Nf6 5. Nc3 a6 6. Bg5 e6 7. f4 h6 8. Bh4
Qb6 9. a3 Be7 10. Bf2 Qc7 11. Qf3 b5 12. O-O-O Bb7 13. g4 Nc6 14. h4 Nxd4 15.
Bxd4 e5 16. Be3 exf4 17. Bxf4 Rc8 18. Bd3 Nd7 19. Nd5 Bxd5 20. exd5 Ne5 21.
Bxe5 dxe5 22. Kb1 Qd6 23. g5 Rc7 24. Rhf1 Bd8 25. g6 f6 26. Bf5 O-O 27. Be6+
Kh8 28. Rfe1 Be7 29. Re4 Rb8 30. Qb3 a5 31. c4 b4 32. a4 Rb6 33. Bf5 Qc5 34. h5
Bd6 35. Ka2 Rb8 36. Rf1 Rf8 37. Rf3 Rb7 38. Rf1 Rc7 39. Be6 Rb7 40. Bf7 Rc7 41.
Qd3 Rb7 42. b3 Rc7 43. Qd2 Be7 44. Re2 Qb6 45. Ref2 Qd6 46. Be6 Rc5 47. Rf5 Rc7
48. Rg1 Bd8 49. Qe3 Be7 50. Rf2 Qc5 51. Qd2 Qb6 52. Rfg2 Bc5 53. Rf1 Be7 54.
Rfg1 Bc5 55. Rf1 Be7 56. Rf3 Qd6 57. Rfg3 Bd8 58. Qe3 Be7 59. Qxh6+ gxh6 60.
g7+ Kh7 61. g8=Q+ Rxg8 62. Rxg8 1-0

[Event "Lindores Abbey Tal Blitz 2021"]
[Site "Riga"]
[Date "2021.11.08"]
[Round "16.37"]
[White "Gunina, Valentina"]
[Black "Demchenko, Anton"]
[Result "0-1"]
[WhiteElo "2480"]
[BlackElo "2655"]
[Annotator "TA"]
[PlyCount "109"]
[EventDate "2021.11.02"]
[EventType "swiss"]
[EventCountry "LAT"]
[SourceTitle "playchess.com"]
[Source "ChessBase"]
[SourceQuality "1"]

1. d4 Nf6 2. c4 d6 3. Nc3 e5 4. e3 Nbd7 5. b3 g6 6. Bb2 Bg7 7. Nf3 O-O 8. Be2
Re8 9. dxe5 dxe5 10. O-O c6 11. Nd2 Nc5 12. Ba3 Bf8 13. Bxc5 Bxc5 14. Nde4 Nxe4
15. Nxe4 Be7 16. Qc2 f5 17. Rad1 Qc7 18. Nd2 Bc5 19. b4 Bxb4 20. c5 Kg7 21. Nb3
a5 22. a4 Be6 23. Bc4 Bxc4 24. Qxc4 Rad8 25. h4 Qf7 26. Qc2 Qf6 27. g3 e4 28.
Kg2 Qc3 29. Qb1 Rd3 30. Rxd3 Qxd3 31. Qb2+ Qc3 32. Qb1 Qd3 33. Qb2+ Bc3 34. Qc1
Rd8 35. h5 gxh5 36. Rh1 Kg6 37. Rh4 Bf6 38. Nd4 Rxd4 39. exd4 Qf3+ 40. Kg1 Bxh4
41. gxh4 Qg4+ 42. Kf1 Qxh4 43. Qc4 Qf6 44. d5 cxd5 45. Qxd5 Qe7 46. Ke2 h4 47.
Qg8+ Kh6 48. Qd5 Kg5 49. Qg8+ Kf4 50. Qd5 h3 51. Kf1 Qe5 52. Qd6 h5 53. Kg1 e3
54. fxe3+ Ke4 55. Kf2 0-1

[Event "Lindores Abbey Tal Blitz 2021"]
[Site "Riga"]
[Date "2021.11.08"]
[Round "16.38"]
[White "Javakhishvili, Lela"]
[Black "Rakhmanov, Aleksandr"]
[Result "0-1"]
[WhiteElo "2446"]
[BlackElo "2650"]
[Annotator "TA"]
[PlyCount "151"]
[EventDate "2021.11.02"]
[EventType "swiss"]
[EventCountry "LAT"]
[SourceTitle "playchess.com"]
[Source "ChessBase"]
[SourceQuality "1"]

1. d4 Nf6 2. c4 d6 3. Nf3 g6 4. g3 Bg7 5. Bg2 O-O 6. O-O c6 7. Nc3 Bf5 8. Nh4
Be6 9. b3 d5 10. cxd5 Nxd5 11. Bb2 Nxc3 12. Bxc3 Nd7 13. Qd2 a5 14. e4 Nf6 15.
Rfd1 a4 16. Rab1 axb3 17. axb3 Qb6 18. h3 Rfd8 19. Qc2 Ne8 20. Nf3 Nd6 21. d5
cxd5 22. Bxg7 Kxg7 23. exd5 Bf5 24. Qb2+ Kg8 25. Ra1 Rxa1 26. Rxa1 Be4 27. Re1
Rc8 28. Qd4 Qxd4 29. Nxd4 Bxg2 30. Kxg2 Kf8 31. Re3 Rc1 32. h4 Rd1 33. Nf3 Rxd5
34. Ng5 h6 35. Nf3 g5 36. hxg5 hxg5 37. Rc3 Ke8 38. g4 Kd7 39. Re3 f6 40. Kg3
Rd1 41. Kg2 b5 42. Ng1 Rd4 43. Kg3 b4 44. Ne2 Re4 45. Kf3 Rxe3+ 46. Kxe3 Kc6
47. Kd4 e5+ 48. Kd3 Kd5 49. f3 Nb7 50. Ng3 Nc5+ 51. Kc2 e4 52. fxe4+ Nxe4 53.
Nh5 Kd4 54. Kb2 Ke5 55. Kc2 Nf2 56. Kd2 Nxg4 57. Kd3 Kd5 58. Ng3 Ne5+ 59. Ke3
Nd7 60. Nf5 Nc5 61. Nd4 Kd6 62. Nf5+ Ke5 63. Nd4 f5 64. Nc6+ Kf6 65. Nxb4 Nxb3
66. Nd5+ Ke5 67. Nc3 Nd4 68. Nd1 f4+ 69. Kf2 g4 70. Nc3 Ne6 71. Ne2 Ng5 72. Ng1
Ne4+ 73. Ke2 Kf5 74. Kd3 f3 75. Ke3 f2 76. Kd4 0-1

[Event "Lindores Abbey Tal Blitz 2021"]
[Site "Riga"]
[Date "2021.11.08"]
[Round "16.39"]
[White "Zhu, Jiner"]
[Black "Abasov, Nijat"]
[Result "0-1"]
[WhiteElo "2455"]
[BlackElo "2634"]
[Annotator "TA"]
[PlyCount "92"]
[EventDate "2021.11.02"]
[EventType "swiss"]
[EventCountry "LAT"]
[SourceTitle "playchess.com"]
[Source "ChessBase"]
[SourceQuality "1"]

1. e4 c5 2. Nf3 e6 3. d4 cxd4 4. Nxd4 Nf6 5. Nc3 Nc6 6. Ndb5 d6 7. Bf4 e5 8.
Bg5 a6 9. Na3 b5 10. Nd5 Be7 11. Bxf6 Bxf6 12. c3 Rb8 13. Nc2 Bg5 14. a4 bxa4
15. Ncb4 Nxb4 16. cxb4 O-O 17. Rxa4 a5 18. h4 Bh6 19. b5 Bd7 20. Nc3 d5 21.
exd5 f5 22. Be2 e4 23. d6 Kh8 24. Qd5 Re8 25. g3 Qf6 26. O-O Qg6 27. Kh2 Be6
28. Qd1 Qf6 29. Rxa5 Qe5 30. Ra4 Red8 31. Rd4 g6 32. f4 exf3 33. Bxf3 Be3 34.
Rd3 Bc4 35. Re1 Bxd3 36. Qxd3 f4 37. d7 Qf6 38. Ne4 Qxb2+ 39. Kh3 Qe5 40. Rd1
Rxb5 41. Ng5 Kg7 42. Kg2 Rb2+ 43. Kh1 fxg3 44. Bg2 Rb4 45. Ne4 Rd4 46. Qe2 Rxe4
0-1

[Event "Lindores Abbey Tal Blitz 2021"]
[Site "Riga"]
[Date "2021.11.08"]
[Round "16.40"]
[White "Sadhwani, Raunak"]
[Black "Dzagnidze, Nana"]
[Result "1-0"]
[WhiteElo "2609"]
[BlackElo "2524"]
[Annotator "TA"]
[PlyCount "50"]
[EventDate "2021.11.02"]
[EventType "swiss"]
[EventCountry "LAT"]
[SourceTitle "playchess.com"]
[Source "ChessBase"]
[SourceQuality "1"]

1. c4 Nf6 2. Nc3 c5 3. Nf3 e6 4. e3 b6 5. b3 Bb7 6. Bb2 Be7 7. Be2 O-O 8. Qc2
d5 9. cxd5 Nxd5 10. Nxd5 Qxd5 11. h4 Nd7 12. Ng5 Qf5 13. Bd3 Qg4 14. Bxh7+ Kh8
15. Rh3 Nf6 16. Rg3 Qh5 17. Bd3 Rad8 18. Be2 Qh6 19. O-O-O Nh5 20. Bxh5 Qxh5
21. Nxe6 fxe6 22. Rxg7 Bf6 23. Rxb7 e5 24. g4 Qxh4 25. Qe4 Ra8 1-0